Statistiken für Formel-1-Weltmeister Quiz

Klicken Sie hier um das Quiz zu spielen!

Allgemein

  • Dieses Quiz wurde 8.193 mal gespielt
  • Das Durchschnittsergebnis liegt bei 19 aus 33

Antwortstatistiken

JahreNationalitätChampion% Korrekt
1994, 1995, 2000, 2001, 2002, 2003, 2004DeutschlandMichael Schumacher
98%
2008, 2014, 2015, 2017, 2018, 2019GroßbritannienLewis Hamilton
98%
2010, 2011, 2012, 2013DeutschlandSebastian Vettel
98%
2016DeutschlandNico Rosberg
89%
1975, 1977, 1984ÖsterreichNiki Lauda
88%
2007FinnlandKimi Räikkönen
87%
2005, 2006SpanienFernando Alonso
87%
1982FinnlandKeke Rosberg
87%
1988, 1990, 1991BrasilienAyrton Senna
82%
1998, 1999FinnlandMika Häkkinen
73%
2009GroßbritannienJenson Button
71%
1985, 1986, 1989, 1993FrankreichAlain Prost
65%
1997KanadaJacques Villeneuve
57%
1996GroßbritannienDamon Hill
56%
1962, 1968GroßbritannienGraham Hill
56%
1961USAPhil Hill
55%
1951, 1954, 1955, 1956, 1957ArgentinienJuan Manuel Fangio
55%
1992GroßbritannienNigel Mansell
48%
1976GroßbritannienJames Hunt
47%
1981, 1983, 1987BrasilienNelson Piquet
46%
1972, 1974BrasilienEmerson Fittipaldi
43%
1969, 1971, 1973GroßbritannienJackie Stewart
42%
1970ÖsterreichJochen Rindt
41%
1952, 1953ItalienAlberto Ascari
38%
1959, 1960, 1966AustralienJack Brabham
35%
1979SüdafrikaJody Scheckter
34%
1950ItalienGiuseppe Farina
32%
1963, 1965GroßbritannienJim Clark
32%
1978USAMario Andretti
32%
1980AustralienAlan Jones
27%
1964GroßbritannienJohn Surtees
24%
1958GroßbritannienMike Hawthorn
23%
1967NeuseelandDenny Hulme
22%

Verteilung der Resultate

Perzentil nach korrekt beantworteten Fragen

Anzahl Personen mit jedem Resultat

Ihre Resultats-Entwicklung

Sie haben dieses Quiz noch nicht gespielt